Rethinking what works with offenders : probation, social context and desistance from crime /

Bibliographic Details
Main Author: Farrall, Stephen
Format: Book
Language:English
Published: Cullompton : Willan, 2002.
Subjects:

MARC

Tag First Indicator Second Indicator Subfields
LEADER 00000cam a2200000 a 4500
001 in00001719821
005 20151024202018.0
008 020930s2002 enka 001 0 eng
015 |a GBA2-W0429 
020 |a 1903240956 
029 0 |a UKM  |b bA2W0429 
035 |a (OCoLC)ocm50215022 
040 |a UKM  |c UKM  |d TXA  |d UtOrBLW 
049 |a TXAM 
082 0 4 |a 364.630941  |2 21 
090 |a HV9278  |b .F37 2002 
100 1 |a Farrall, Stephen. 
245 1 0 |a Rethinking what works with offenders :  |b probation, social context and desistance from crime /  |c Stephen Farrall. 
264 1 |a Cullompton :  |b Willan,  |c 2002. 
300 |a xiv, 248 pages :  |b illustrations ;  |c 24 cm. 
336 |a text  |b txt  |2 rdacontent 
337 |a unmediated  |b n  |2 rdamedia 
338 |a volume  |b nc  |2 rdacarrier 
504 |a Includes bibliographical references and index. 
650 0 |a Probation  |z Great Britain. 
650 0 |a Recidivism  |z Great Britain  |x Prevention. 
948 |a cataloged  |b h  |c 2003/1/31  |d c  |e rdavis  |f 12:08:52 pm 
994 |a E0  |b TXA 
999 |a MARS 
999 f f |s 0e9d01c2-57c9-3f57-b90f-ba61bb7e0835  |i bce385ea-fbb4-3f51-9045-ced7cdb59eb6  |t 0 
952 f f |p normal  |a Texas A&M University  |b College Station  |c Sterling C. Evans Library  |d Evans: Library Stacks  |t 0  |e HV9278 .F37 2002  |h Library of Congress classification  |i unmediated -- volume  |m A14829591693 
998 f f |a HV9278 .F37 2002  |t 0  |l Evans: Library Stacks